Statistics for FIFA 20 Best Players Not Highest Rated From Their Nation

Click here to take the quiz!

General Stats

  • This quiz has been taken 20 times
  • The average score is 4 of 11

Answer Stats

PositionPlayer% Correct
GKHandanovic or Ederson
77%
CBVarane
62%
RM/RWDi Maria
54%
CDM/CMMatuidi, Fabinho, Allan, Saúl or Rodri
54%
CAM/CFMertens or Benzema
46%
STCavani
31%
LBMarcelo or Alex Sandro
31%
CBLenglet
23%
RBAzpilicueta
15%
LM/LWCoutinho
15%
CDM/CMParejo
15%

Score Distribution

Percentile by Number Answered

Percent of People with Each Score

Your Score History

You have not taken this quiz